000 01251nam a2200253 a 4500
001 74183
003 BD-RjUL
005 20211209082517.0
008 180318s2015 bg ad b 001 0 beno
020 _a9789845061995
035 _a(BD-RjUL)74401
040 _aDLC
_bben
_erda
_cDLC
_dDLC
_dBD-RjUL
041 _aben
082 _223
_a331.137091724
_bISU 2015
100 1 _aইসলাম, রিজওয়ানুল
_9220620
245 1 0 _aউন্নয়ন ভানায় কর্মসংস্থান ও শ্রমবাজার /
_cরিজওয়ানুল ইসলাম
260 _aঢাকা :
_bদি ইউনিভার্সিটি প্রেস লিমিটেড,
_c২০১৫
300 _axvi, ২১৮ পৃ. :
_bচিত্র ;
_c২২ সেমি.
504 _aগ্রন্থপদ্ধতিগত রেফারেন্স এবং সূচক অন্তর্ভুক্ত ।
520 _aStudy on the unemployment, employment opportunities and labor market in developing countries.
650 0 _aবেকারত্ব
_zউন্নয়নশীল দেশসমূহ
_9220618
650 0 _aUnemployment
_zDeveloping countries.
_9220619
942 _2ddc
_cBK
999 _c74183
_d74183